Učebnica nemčiny pre pokročilých samoukov
Na minha lista:
| Autor principal: | |
|---|---|
| Formato: | Livro |
| Idioma: | eslovaco |
| Publicado em: |
Bratislava
Slovenské pedagogické nakladateľstvo
1963
|
| Edição: | 2. dopl. vyd. |
| Assuntos: | |
| Acesso em linha: | View in OPAC |
| Tags: |
Sem tags, seja o primeiro a adicionar uma tag!
|
MARC
| LEADER | 00000nam a2200000 a 4500 | ||
|---|---|---|---|
| 005 | 20260127134404.0 | ||
| 008 | 000706s1963 cs gr 000 m slo c | ||
| 035 | |a vtls008560828 | ||
| 035 | |a SAVUKc151112 | ||
| 039 | 9 | |a 200901231304 |b csnk05 |c 200809251116 |d mschk03 |y 200602032135 |z VLOAD | |
| 040 | |a SAVUK |b slo |c SNK |d STUSCHK1 |e AACR2 | ||
| 041 | 1 | |a slo | |
| 044 | |a cs |c CS | ||
| 080 | |a 803.0(075) | ||
| 100 | 1 | |a Svozil, Jozef | |
| 245 | 1 | 0 | |a Učebnica nemčiny pre pokročilých samoukov |c Jozef Svozil |
| 250 | |a 2. dopl. vyd. | ||
| 260 | |a Bratislava |b Slovenské pedagogické nakladateľstvo |c 1963 | ||
| 300 | |a 557 s. | ||
| 650 | 0 | 7 | |a nemčina |2 SNKPH |
| 655 | 7 | |a učebnice pre samoukov |2 SAVUK | |
| 910 | |a savuk | ||
| 910 | |a SCHK95 | ||
| 999 | |c 11534 |d 11534 | ||